000 00658nam a22002297a 4500
005 20170124110143.0
010 _a465656
020 _c9.00
035 _a465656
037 _bCen Lib/Ret
040 _aDPL
_bEN
082 _a132
_bSET
100 _aStern, Paul J.
_932865
245 _aThe abnormal person and his world /
_cby Paul J. stern
260 _aNew Delhi
_bAffilaited East West Press
_c1966
270 _bNew Delhi
300 _axi, 239p.
_c21cm(Hb)
500 _aIncludes bibliographical references and index
650 _aPsychology
_9101679
650 _aAbnormal psychology
_926757
942 _2ddc
_cEN
_h132
_mSET
999 _c131809
_d131809